[Event "Cesme op-A 9th"]
[Site "Cesme"]
[Date "2023.06.20"]
[Round "3"]
[White "Ozsakallioglu, Okan"]
[Black "Gonzalez Perez, Arian"]
[Result "1-0"]
[WhiteElo "2246"]
[BlackElo "2394"]
[PlyCount "79"]
[EventDate "2023.06.19"]
[EventType "swiss"]
[EventRounds "9"]
[EventCountry "TUR"]
[SourceTitle "CBM 214 Extra"]
[Source "ChessBase"]
[SourceDate "2023.07.31"]
[SourceVersion "1"]
[SourceVersionDate "2023.07.31"]
[SourceQuality "1"]

1. e4 c5 2. Nf3 d6 3. d4 cxd4 4. Nxd4 Nf6 5. Nc3 g6 6. Be3 Bg7 7. f3 0-0 8. Qd2 Nc6 9. 0-0-0 d5 10. exd5 Nxd5 11. Nxc6 bxc6 12. Bd4 e5 13. Bc5 Be6 14. Ne4 Re8 15. h4 h6 16. g4 Nf4 17. Ba6 Bd5 18. h5 g5 19. Qe3 Ne6 20. Bb7 Qa5 21. Bxa8 Rxa8 22. Qa3 Qb5 23. Be7 Nd4 24. Rhe1 Kh8 25. Rd2 Rb8 26. Nc3 Qc4 27. Bd6 Re8 28. Nxd5 cxd5 29. Bxe5 Nb5 30. Qb3 Bxe5 31. Qxc4 dxc4 32. c3 a6 33. Kc2 f6 34. Rd7 Re6 35. a4 Nd6 36. Ra7 Ne8 37. Re4 Ng7 38. Rxc4 f5 39. Rc8+ Kh7 40. Raa8 1-0

[Event "Santiago de Compostela Bicapawn GP Rap"]
[Site "Santiago de Compostela"]
[Date "2022.10.22"]
[Round "6"]
[White "Fernandez Garcia, Gumersindo"]
[Black "Gonzalez Perez, Arian"]
[Result "1-0"]
[WhiteElo "2172"]
[BlackElo "2400"]
[PlyCount "83"]
[EventDate "2022.10.22"]
[EventType "swiss (rapid)"]
[EventRounds "9"]
[EventCountry "ESP"]
[SourceTitle "CBM 210 Extra"]
[Source "ChessBase"]
[SourceDate "2022.11.30"]
[SourceVersion "1"]
[SourceVersionDate "2022.11.30"]
[SourceQuality "1"]

1. d4 Nf6 2. c4 g6 3. Nc3 Bg7 4. e4 d6 5. Be2 0-0 6. Be3 c5 7. d5 e6 8. h3 exd5 9. cxd5 Re8 10. Qc2 Bd7 11. a4 Na6 12. Nf3 Nb4 13. Qb1 Nxe4 14. Nxe4 Rxe4 15. Qxe4 Bf5 16. Qc4 Nc2+ 17. Kf1 Nxa1 18. g4 Bd7 19. Kg2 Bxb2 20. Rb1 Bg7 21. Bd2 Qe8 22. Bd1 Rb8 23. Qa2 b5 24. Rxa1 b4 25. Bb3 Bxa1 26. Qxa1 f5 27. Ng5 fxg4 28. Ne6 gxh3+ 29. Kh2 Qf7 30. Be3 Re8 31. Qb2 Rxe6 32. dxe6 Bxe6 33. Bd1 a5 34. Bh6 Bd5 35. f3 c4 36. Qd4 c3 37. Qb6 Qe7 38. Qxa5 Qe5+ 39. f4 Qe4 40. Qd8+ Kf7 41. Qf8+ Ke6 42. Bg4+ 1-0

[Event "Santiago de Compostela Bicapawn GP Rap"]
[Site "Santiago de Compostela"]
[Date "2022.10.22"]
[Round "3"]
[White "Gonzalez Perez, Arian"]
[Black "Cernadas Camean, David"]
[Result "1-0"]
[WhiteElo "2400"]
[BlackElo "1962"]
[PlyCount "105"]
[EventDate "2022.10.22"]
[EventType "swiss (rapid)"]
[EventRounds "9"]
[EventCountry "ESP"]
[SourceTitle "CBM 210 Extra"]
[Source "ChessBase"]
[SourceDate "2022.11.30"]
[SourceVersion "1"]
[SourceVersionDate "2022.11.30"]
[SourceQuality "1"]

1. d4 d5 2. c4 e6 3. Nc3 Nf6 4. cxd5 exd5 5. Bg5 c6 6. e3 Bf5 7. Qf3 Bg6 8. Bxf6 gxf6 9. Qd1 Bd6 10. Bd3 Na6 11. Bxa6 bxa6 12. Nge2 Rb8 13. b3 Qe7 14. 0-0 Rg8 15. Nf4 Be4 16. Nxe4 Qxe4 17. g3 Bxf4 18. exf4 Qxf4 19. Qe2+ Kd7 20. Rfe1 Qd6 21. Qxa6 Qc7 22. Qd3 Kc8 23. Qxh7 Kb7 24. Re3 Rbe8 25. Rae1 Qd7 26. Rxe8 Rxe8 27. Rxe8 Qxe8 28. Qf5 Qe2 29. Qxf6 Qe1+ 30. Kg2 Qe4+ 31. Kh3 Qh7+ 32. Qh4 Qf5+ 33. Kg2 Qd3 34. Qf4 Kb6 35. h4 c5 36. Qd6+ Kb7 37. Qxd5+ Kb8 38. Qe5+ Kb7 39. dxc5 Qd7 40. Qe4+ Kb8 41. h5 f5 42. Qf4+ Kc8 43. h6 a5 44. Qf3 Kb8 45. a3 a4 46. bxa4 f4 47. Qxf4+ Kc8 48. Qe4 Kb8 49. h7 Qg7 50. Qe8+ Ka7 51. h8Q Qb7+ 52. Kh2 Qc8 53. Qg7+ 1-0

[Event "Santiago de Compostela Bicapawn GP B4"]
[Site "Santiago de Compostela"]
[Date "2022.10.21"]
[Round "3"]
[White "Gonzalez Perez, Arian"]
[Black "Salgado Lopez, Ivan"]
[Result "1/2-1/2"]
[WhiteElo "2400"]
[BlackElo "2591"]
[PlyCount "100"]
[EventDate "2022.10.21"]
[EventType "swiss (blitz)"]
[EventRounds "9"]
[EventCountry "ESP"]
[SourceTitle "CBM 210 Extra"]
[Source "ChessBase"]
[SourceDate "2022.11.30"]
[SourceVersion "1"]
[SourceVersionDate "2022.11.30"]
[SourceQuality "1"]

1. e4 c6 2. d4 d5 3. Nd2 dxe4 4. Nxe4 Nf6 5. Nxf6+ exf6 6. c3 Bd6 7. Bd3 0-0 8. Ne2 Re8 9. Qc2 h6 10. 0-0 Nd7 11. Bf4 Nf8 12. Bxd6 Qxd6 13. Ng3 Be6 14. Rfe1 Rad8 15. h3 Qd7 16. b3 c5 17. Rad1 cxd4 18. Be4 Qc7 19. Rxd4 Rxd4 20. cxd4 Qxc2 21. Bxc2 Rd8 22. Be4 b6 23. d5 Bd7 24. Rc1 Rc8 25. Rxc8 Bxc8 26. Bf5 Bd7 27. Kf1 g6 28. Bxd7 Nxd7 29. Ke2 Kf8 30. Ke3 Ke7 31. Kd4 f5 32. Ne2 Kd6 33. Nc3 a6 34. f4 Nf6 35. b4 b5 36. g3 g5 37. fxg5 hxg5 38. h4 g4 39. a3 Nh5 40. Ne2 f6 41. Nf4 Nxg3 42. h5 Ne4 43. h6 Ng5 44. Nh5 Nh7 45. Nf4 g3 46. Ng2 Ng5 47. Nf4 Nh7 48. Ng2 Ng5 49. Nf4 Nh7 50. Ng2 Ng5 1/2-1/2

[Event "Santiago de Compostela Bicapawn GP B3"]
[Site "Santiago de Compostela"]
[Date "2022.10.20"]
[Round "7"]
[White "Davtyan, David"]
[Black "Gonzalez Perez, Arian"]
[Result "0-1"]
[WhiteElo "2332"]
[BlackElo "2400"]
[PlyCount "58"]
[EventDate "2022.10.20"]
[EventType "swiss (blitz)"]
[EventRounds "9"]
[EventCountry "ESP"]
[SourceTitle "CBM 210 Extra"]
[Source "ChessBase"]
[SourceDate "2022.11.30"]
[SourceVersion "1"]
[SourceVersionDate "2022.11.30"]
[SourceQuality "1"]

1. e4 c5 2. Nc3 Nc6 3. Bb5 Nd4 4. Nf3 Nxb5 5. Nxb5 d6 6. d4 cxd4 7. Qxd4 Nf6 8. Bg5 h6 9. Bh4 g5 10. Bg3 Bg7 11. e5 Qa5+ 12. Nc3 dxe5 13. Bxe5 0-0 14. 0-0-0 Bf5 15. Qa4 Qxa4 16. Nxa4 Rac8 17. Nd4 Bg6 18. Nc3 a6 19. Rhe1 e6 20. Nb3 Nd5 21. Bxg7 Kxg7 22. Ne4 b6 23. c3 a5 24. Nd4 Rfd8 25. g3 Rc4 26. Nd2 Rxd4 27. cxd4 Rc8+ 28. Nc4 Rxc4+ 29. Kd2 Rc2# 0-1

[Event "Santiago de Compostela Bicapawn GP B2"]
[Site "Santiago de Compostela"]
[Date "2022.10.20"]
[Round "9"]
[White "Gonzalez Perez, Arian"]
[Black "Munoz Pantoja, Miguel Angel"]
[Result "0-1"]
[WhiteElo "2400"]
[BlackElo "2367"]
[PlyCount "122"]
[EventDate "2022.10.20"]
[EventType "swiss (blitz)"]
[EventRounds "9"]
[EventCountry "ESP"]
[SourceTitle "CBM 210 Extra"]
[Source "ChessBase"]
[SourceDate "2022.11.30"]
[SourceVersion "1"]
[SourceVersionDate "2022.11.30"]
[SourceQuality "1"]

1. c4 Nf6 2. Nc3 g6 3. e4 d6 4. d4 Bg7 5. f3 0-0 6. Bg5 c5 7. d5 h6 8. Be3 e6 9. Qd2 exd5 10. cxd5 a6 11. a4 Nbd7 12. Nh3 Rb8 13. Nf2 h5 14. Be2 Ne5 15. h3 h4 16. f4 Ned7 17. 0-0 Re8 18. Rab1 Qa5 19. Rfe1 b5 20. axb5 axb5 21. Ra1 Qb4 22. Nd3 Nxe4 23. Nxb4 Nxd2 24. Bxd2 cxb4 25. Nxb5 Bxb2 26. Rab1 Ba6 27. Nxd6 Rxe2 28. Rxb2 Rxe1+ 29. Bxe1 b3 30. Bxh4 Nc5 31. Bf6 Na4 32. Rd2 b2 33. Bxb2 Nxb2 34. Ne4 Nc4 35. Rd4 Ne3 36. d6 Nf5 37. Rd2 Bb7 38. Nc5 Bc6 39. g4 Nh4 40. Kf2 Kf8 41. d7 Rd8 42. Rd6 Bb5 43. Kg3 g5 44. fxg5 Ng6 45. h4 Ke7 46. Rd5 Bc6 47. Rd2 Ne5 48. Kf4 Nxd7 49. Nxd7 Bxd7 50. Re2+ Kf8 51. Rd2 Ke7 52. Re2+ Be6 53. Rb2 Rd4+ 54. Ke5 Rxg4 55. Rb7+ Kf8 56. Kf6 Rf4+ 57. Ke5 Rf5+ 58. Ke4 Kg7 59. Rc7 Rb5 60. Kf4 Rb4+ 61. Kg3 Rg4+ 0-1

[Event "Santiago de Compostela Bicapawn GP B2"]
[Site "Santiago de Compostela"]
[Date "2022.10.20"]
[Round "4"]
[White "Gonzalez Perez, Arian"]
[Black "Sargissian, Gabriel"]
[Result "1/2-1/2"]
[WhiteElo "2400"]
[BlackElo "2711"]
[PlyCount "58"]
[EventDate "2022.10.20"]
[EventType "swiss (blitz)"]
[EventRounds "9"]
[EventCountry "ESP"]
[SourceTitle "CBM 210 Extra"]
[Source "ChessBase"]
[SourceDate "2022.11.30"]
[SourceVersion "1"]
[SourceVersionDate "2022.11.30"]
[SourceQuality "1"]

1. d4 d5 2. Nf3 Nf6 3. Bf4 c5 4. e3 Nc6 5. h3 cxd4 6. exd4 Qb6 7. Nc3 Bf5 8. Rb1 a6 9. Bd3 Bg6 10. 0-0 e6 11. Bxg6 hxg6 12. Ne2 Qd8 13. c3 Bd6 14. Re1 0-0 15. Bxd6 Qxd6 16. Nc1 Ne4 17. Nd3 f6 18. Nd2 Nxd2 19. Qxd2 g5 20. Re2 Rfe8 21. Rbe1 Re7 22. g3 Rae8 23. Kg2 b6 24. Qe3 a5 25. Qf3 Nd8 26. a3 Nf7 27. Qh5 Qd7 28. Rd1 Qb5 29. Red2 Qc6 1/2-1/2

[Event "Santiago de Compostela Bicapawn GP B3"]
[Site "Santiago de Compostela"]
[Date "2022.10.20"]
[Round "9"]
[White "Piorun, Kacper"]
[Black "Gonzalez Perez, Arian"]
[Result "0-1"]
[WhiteElo "2611"]
[BlackElo "2400"]
[PlyCount "164"]
[EventDate "2022.10.20"]
[EventType "swiss (blitz)"]
[EventRounds "9"]
[EventCountry "ESP"]
[SourceTitle "CBM 210 Extra"]
[Source "ChessBase"]
[SourceDate "2022.11.30"]
[SourceVersion "1"]
[SourceVersionDate "2022.11.30"]
[SourceQuality "1"]

1. Nf3 Nf6 2. g3 g6 3. Bg2 Bg7 4. 0-0 0-0 5. d4 d5 6. a4 a5 7. Nc3 c6 8. b3 Bf5 9. Ba3 Nbd7 10. e3 Re8 11. Ne2 Ne4 12. Nh4 Be6 13. Nf4 Nf8 14. Nxe6 Nxe6 15. Qd3 Nf6 16. c4 Nc7 17. Nf3 e6 18. cxd5 exd5 19. b4 axb4 20. Bxb4 Ne4 21. Rfb1 Ra7 22. Be1 Qa8 23. a5 Nb5 24. Bf1 Nbd6 25. Qc2 b5 26. Nd2 Nxd2 27. Bxd2 Nc4 28. Be1 Rc8 29. Ra2 Bf8 30. Rba1 Ra6 31. h4 h5 32. e4 Qa7 33. exd5 cxd5 34. Qb3 Rb8 35. Rd1 Qd7 36. Qd3 Rba8 37. Rb1 b4 38. Bxb4 Bxb4 39. Rxb4 Rxa5 40. Rxa5 Rxa5 41. Rb8+ Kg7 42. Qb3 Ra1 43. Qb4 Qd6 44. Kg2 Qxb4 45. Rxb4 Nd2 46. Be2 Ne4 47. Bf3 Ra2 48. Bxe4 dxe4 49. d5 e3 50. Rf4 Rd2 51. Kf1 exf2 52. Rxf2 Rxd5 53. Kg2 Rd3 54. Ra2 Rb3 55. Ra5 Rb2+ 56. Kh3 Rc2 57. Ra6 Kg8 58. Ra7 Re2 59. Ra6 Kf8 60. Ra7 Re7 61. Ra8+ Kg7 62. Ra5 Re6 63. Ra4 Kf6 64. Rf4+ Ke7 65. Ra4 Re5 66. Ra7+ Kf6 67. Ra6+ Kf5 68. Ra4 f6 69. Ra6 g5 70. hxg5 fxg5 71. Rh6 Re1 72. Ra6 g4+ 73. Kg2 Re2+ 74. Kf1 Rd2 75. Ra4 Ke5 76. Rb4 Rd4 77. Rb5+ Ke4 78. Ke2 Ra4 79. Rxh5 Ra2+ 80. Kf1 Kf3 81. Rf5+ Kxg3 82. Rf8 Ra1+ 0-1

[Event "Santiago de Compostela Bicapawn GP B2"]
[Site "Santiago de Compostela"]
[Date "2022.10.20"]
[Round "3"]
[White "Taboas Rodriguez, Daniel"]
[Black "Gonzalez Perez, Arian"]
[Result "0-1"]
[WhiteElo "2359"]
[BlackElo "2400"]
[PlyCount "54"]
[EventDate "2022.10.20"]
[EventType "swiss (blitz)"]
[EventRounds "9"]
[EventCountry "ESP"]
[SourceTitle "CBM 210 Extra"]
[Source "ChessBase"]
[SourceDate "2022.11.30"]
[SourceVersion "1"]
[SourceVersionDate "2022.11.30"]
[SourceQuality "1"]

1. c4 e5 2. g3 Nc6 3. Bg2 f5 4. Nc3 Nf6 5. d3 Bc5 6. Nf3 d6 7. 0-0 0-0 8. Bg5 Qe8 9. a3 a5 10. Bxf6 Rxf6 11. Nd5 Rf7 12. Ng5 Rd7 13. e3 h6 14. Nf3 Ne7 15. Nh4 c6 16. Nxe7+ Rxe7 17. Qb3 a4 18. Qc2 f4 19. exf4 exf4 20. Be4 fxg3 21. hxg3 Qh5 22. Bg6 Qg5 23. Kg2 Bd7 24. Rae1 Rf8 25. Rxe7 Qxe7 26. Qxa4 Qe2 27. Qc2 Qe7 0-1

[Event "Santiago de Compostela Bicapawn GP B1"]
[Site "Santiago de Compostela"]
[Date "2022.10.19"]
[Round "9"]
[White "Bringas Gomez, Artai"]
[Black "Gonzalez Perez, Arian"]
[Result "0-1"]
[WhiteElo "2206"]
[BlackElo "2400"]
[PlyCount "68"]
[EventDate "2022.10.19"]
[EventType "swiss (blitz)"]
[EventRounds "9"]
[EventCountry "ESP"]
[SourceTitle "EXT 2024"]
[Source "ChessBase"]
[SourceDate "2023.10.10"]
[SourceVersion "1"]
[SourceVersionDate "2023.10.10"]
[SourceQuality "1"]

1. Nf3 Nf6 2. d3 g6 3. e4 d6 4. Be2 Bg7 5. 0-0 0-0 6. Nbd2 c5 7. c3 e5 8. a3 Nc6 9. b4 Nh5 10. g3 h6 11. Nc4 Be6 12. Be3 b6 13. d4 Bh3 14. Re1 exd4 15. cxd4 Nf6 16. dxc5 dxc5 17. Nd6 Ng4 18. Rc1 Nxe3 19. fxe3 Ne5 20. bxc5 bxc5 21. Rxc5 Ng4 22. Nc4 Qe7 23. Qd6 Qxe4 24. Nfd2 Qe8 25. Qf4 h5 26. Nf3 Bh6 27. Ng5 Qe7 28. Nd6 Rad8 29. Bxg4 Bxg4 30. Nde4 Rd1 31. Rxd1 Bxd1 32. Nf6+ Kg7 33. Rc7 Qxf6 34. Ne6+ Qxe6 0-1

[Event "Sada Coruna op"]
[Site "Sada"]
[Date "2022.09.04"]
[Round "2"]
[White "Gonzalez Perez, Arian"]
[Black "Carballo Noya, Miguel"]
[Result "1-0"]
[WhiteElo "2389"]
[BlackElo "1933"]
[PlyCount "53"]
[EventDate "2022.09.04"]
[EventType "swiss"]
[EventRounds "9"]
[EventCountry "ESP"]
[SourceTitle "CBM 210 Extra"]
[Source "ChessBase"]
[SourceDate "2022.11.30"]
[SourceVersion "1"]
[SourceVersionDate "2022.11.30"]
[SourceQuality "1"]

1. d4 Nf6 2. c4 e5 3. dxe5 Ng4 4. Bf4 g5 5. Bd2 Nxe5 6. Bc3 Nbc6 7. e3 Bb4 8. Nf3 d6 9. a3 Bxc3+ 10. Nxc3 Be6 11. Nd5 Nxf3+ 12. Qxf3 Ne5 13. Qe4 c6 14. Nc3 Qb6 15. 0-0-0 0-0-0 16. h4 f5 17. Qc2 g4 18. Rd4 Rhf8 19. g3 c5 20. Nd5 Qa6 21. Rd2 Kb8 22. Be2 Rd7 23. Rhd1 h6 24. Qc3 Rfd8 25. Nf6 Rf7 26. Rxd6 Nc6 27. Rxd8+ 1-0

[Event "Carballo Concello 5th"]
[Site "Carballo"]
[Date "2022.08.31"]
[Round "7"]
[White "Gemy Vargas, Jose Daniel"]
[Black "Gonzalez Perez, Arian"]
[Result "1/2-1/2"]
[WhiteElo "2367"]
[BlackElo "2429"]
[PlyCount "21"]
[EventDate "2022.08.26"]
[EventType "swiss"]
[EventRounds "9"]
[EventCountry "ESP"]
[SourceTitle "EXT 2023"]
[Source "ChessBase"]
[SourceDate "2022.10.05"]
[SourceVersion "1"]
[SourceVersionDate "2022.10.05"]
[SourceQuality "1"]

1. e4 c5 2. Nf3 Nc6 3. c3 Nf6 4. e5 Nd5 5. d4 cxd4 6. Bc4 e6 7. cxd4 d6 8. 0-0 Be7 9. Qe2 0-0 10. Rd1 Na5 11. Bd3 1/2-1/2

[Event "Carballo Concello 5th"]
[Site "Carballo"]
[Date "2022.08.28"]
[Round "4"]
[White "Palacios Gonzalez, Miguel"]
[Black "Gonzalez Perez, Arian"]
[Result "0-1"]
[WhiteElo "1988"]
[BlackElo "2429"]
[PlyCount "116"]
[EventDate "2022.08.26"]
[EventType "swiss"]
[EventRounds "9"]
[EventCountry "ESP"]
[SourceTitle "EXT 2023"]
[Source "ChessBase"]
[SourceDate "2022.10.05"]
[SourceVersion "1"]
[SourceVersionDate "2022.10.05"]
[SourceQuality "1"]

1. e4 c5 2. Nc3 g6 3. d4 cxd4 4. Qxd4 Nf6 5. Be3 Nc6 6. Qd2 d6 7. f3 h5 8. 0-0-0 Bg7 9. Kb1 Bd7 10. Nge2 Rc8 11. Nc1 a6 12. Na4 Qc7 13. Nb6 Rb8 14. h3 Ne5 15. Bd3 Be6 16. f4 Nxd3 17. Qxd3 Nd7 18. Nxd7 Bxd7 19. Bd4 Bb5 20. Qd2 e5 21. Bc3 Rd8 22. f5 gxf5 23. Qg5 Kf8 24. exf5 f6 25. Qh4 Qc4 26. Qxc4 Bxc4 27. Bb4 Ke7 28. Nd3 Bf8 29. Rhe1 Kf7 30. Ba5 Rc8 31. b3 Bb5 32. c4 Bc6 33. Rg1 Be4 34. Kb2 Bxf5 35. Bb6 Rg8 36. Nb4 Be4 37. g4 hxg4 38. Rxg4 Rxg4 39. hxg4 Bf3 40. Rg1 Bh6 41. Rg3 e4 42. Nd5 Rg8 43. Bd4 Rg6 44. Be3 Bg7 45. Kc1 Rxg4 46. Bf4 Rxf4 47. Rxg7+ Kxg7 48. Nxf4 e3 49. Kc2 f5 50. Kd3 e2 51. Kd2 Kf6 52. Nd3 Kg5 53. Ke3 Be4 54. Ne1 Kf6 55. Kd4 Ke6 56. b4 b5 57. a3 bxc4 58. Kxc4 Ke5 0-1

[Event "ESP-ch 87th"]
[Site "Linares"]
[Date "2022.08.14"]
[Round "5"]
[White "Gonzalez Perez, Arian"]
[Black "Carbonell Sancho, Marc"]
[Result "1/2-1/2"]
[WhiteElo "2429"]
[BlackElo "2285"]
[PlyCount "69"]
[EventDate "2022.08.11"]
[EventType "swiss"]
[EventRounds "9"]
[EventCountry "ESP"]
[SourceTitle "CBM 209 Extra"]
[Source "ChessBase"]
[SourceDate "2022.09.30"]
[SourceVersion "1"]
[SourceVersionDate "2022.09.30"]
[SourceQuality "1"]

1. d4 Nf6 2. c4 g6 3. Nc3 d5 4. cxd5 Nxd5 5. e4 Nxc3 6. bxc3 Bg7 7. Be3 c5 8. Qd2 Qa5 9. Rc1 0-0 10. Nf3 Rd8 11. d5 e6 12. Bg5 f6 13. Be3 Nc6 14. h4 exd5 15. exd5 Bg4 16. h5 Bxf3 17. gxf3 Ne5 18. Be2 c4 19. Rd1 f5 20. Kf1 Nd3 21. Bxd3 cxd3 22. c4 Qxd2 23. Rxd2 b5 24. cxb5 Rxd5 25. hxg6 hxg6 26. a4 Rd7 27. Kg2 Bc3 28. Ra2 Ba5 29. Rd1 Rc8 30. f4 Kf7 31. Ra3 Rc3 32. Rxc3 Bxc3 33. Kf3 Ke6 34. Bc5 Bd4 35. Bxd4 1/2-1/2

[Event "ESP-ch 87th"]
[Site "Linares"]
[Date "2022.08.12"]
[Round "2"]
[White "Castellanos Gomez, Alejandro"]
[Black "Gonzalez Perez, Arian"]
[Result "1/2-1/2"]
[WhiteElo "2266"]
[BlackElo "2429"]
[PlyCount "69"]
[EventDate "2022.08.11"]
[EventType "swiss"]
[EventRounds "9"]
[EventCountry "ESP"]
[SourceTitle "CBM 209 Extra"]
[Source "ChessBase"]
[SourceDate "2022.09.30"]
[SourceVersion "1"]
[SourceVersionDate "2022.09.30"]
[SourceQuality "1"]

1. d4 d5 2. Bf4 Nf6 3. e3 c5 4. c3 Nc6 5. Nd2 Bf5 6. Qb3 Qc8 7. c4 e6 8. cxd5 exd5 9. dxc5 Bxc5 10. Rc1 Bb6 11. Qa3 Qe6 12. Ngf3 Rd8 13. Bb5 Qe7 14. Bxc6+ bxc6 15. Qxe7+ Kxe7 16. Ne5 Rc8 17. Nxc6+ Kd7 18. Ne5+ Ke6 19. 0-0 g5 20. Bg3 Nh5 21. Nc6 Nxg3 22. hxg3 Kd6 23. Nd4 Bxd4 24. exd4 Rhe8 25. Rxc8 Rxc8 26. f4 g4 27. Nb3 Rc2 28. Rf2 Rc4 29. Rd2 Be4 30. Kf2 f5 31. Ke3 h5 32. Re2 Ke7 33. Rd2 Kd6 34. Rf2 Ke7 35. Rd2 1/2-1/2

[Event "ESP-ch 87th"]
[Site "Linares"]
[Date "2022.08.11"]
[Round "1"]
[White "Gonzalez Perez, Arian"]
[Black "Garcia Fernandez, Victor"]
[Result "1-0"]
[WhiteElo "2429"]
[BlackElo "2157"]
[PlyCount "80"]
[EventDate "2022.08.11"]
[EventType "swiss"]
[EventRounds "9"]
[EventCountry "ESP"]
[SourceTitle "CBM 209 Extra"]
[Source "ChessBase"]
[SourceDate "2022.09.30"]
[SourceVersion "1"]
[SourceVersionDate "2022.09.30"]
[SourceQuality "1"]

1. d4 d5 2. c4 e6 3. Nc3 c5 4. cxd5 exd5 5. Nf3 Nf6 6. g3 Nc6 7. Bg2 cxd4 8. Nxd4 Bc5 9. Nb3 Bb6 10. 0-0 d4 11. Na4 0-0 12. Nxb6 axb6 13. e3 d3 14. Bd2 Bg4 15. f3 Be6 16. Bc3 Nd5 17. Qxd3 Ndb4 18. Qxd8 Rfxd8 19. Bxb4 Nxb4 20. Nd4 Bxa2 21. Rfd1 Bd5 22. Rxa8 Rxa8 23. f4 Bxg2 24. Kxg2 g6 25. Kf3 Ra2 26. Rd2 Kf8 27. Nb5 Na6 28. g4 Nc5 29. Nc3 Ra1 30. b4 Ra3 31. Nd5 Nd7 32. Rc2 Rd3 33. Ke4 Rd1 34. g5 Kg7 35. Rc7 Nf8 36. Rxb7 Rh1 37. Nxb6 Rxh2 38. Nc4 Kg8 39. Ne5 Rb2 40. Nxf7 Ne6 1-0

[Event "Barcelona GM 8th"]
[Site "Barcelona"]
[Date "2022.08.07"]
[Round "8"]
[White "Gonzalez Perez, Arian"]
[Black "Domingo Nunez, Ruben"]
[Result "1-0"]
[WhiteElo "2418"]
[BlackElo "2361"]
[PlyCount "89"]
[EventDate "2022.07.31"]
[EventType "tourn"]
[EventRounds "9"]
[EventCountry "ESP"]
[EventCategory "6"]
[SourceTitle "CBM 209 Extra"]
[Source "ChessBase"]
[SourceDate "2022.09.30"]
[SourceVersion "1"]
[SourceVersionDate "2022.09.30"]
[SourceQuality "1"]

1. d4 Nf6 2. c4 e6 3. Nf3 a6 4. Nc3 d5 5. cxd5 exd5 6. Bg5 Be6 7. e3 Nbd7 8. Bd3 Be7 9. 0-0 h6 10. Bh4 Nh5 11. Bxe7 Qxe7 12. e4 dxe4 13. Bxe4 0-0-0 14. Re1 Qd6 15. Rc1 Rhe8 16. Qc2 Nhf6 17. d5 Bg4 18. Nd4 Nc5 19. Bf5+ Kb8 20. Rxe8 Rxe8 21. h3 Bxf5 22. Nxf5 Qf4 23. Nxg7 Re5 24. g3 Qg5 25. Na4 Nxa4 26. h4 Qxg7 27. Qxc7+ Ka7 28. Qxe5 Nb6 29. d6 Qg6 30. Rc7 Nfd7 31. Qd4 Kb8 32. b4 Qe6 33. a4 Nxa4 34. Qd1 Nab6 35. Qf3 Nd5 36. Rxd7 Qxd7 37. Qxd5 Kc8 38. Qe5 b6 39. Qh8+ Kb7 40. Qxh6 a5 41. bxa5 bxa5 42. Qd2 Kb6 43. h5 Kb5 44. h6 f5 45. h7 1-0

[Event "Barcelona GM 8th"]
[Site "Barcelona"]
[Date "2022.08.06"]
[Round "7"]
[White "Ayats Llobera, Gerard"]
[Black "Gonzalez Perez, Arian"]
[Result "1/2-1/2"]
[WhiteElo "2423"]
[BlackElo "2418"]
[PlyCount "74"]
[EventDate "2022.07.31"]
[EventType "tourn"]
[EventRounds "9"]
[EventCountry "ESP"]
[EventCategory "6"]
[SourceTitle "CBM 209 Extra"]
[Source "ChessBase"]
[SourceDate "2022.09.30"]
[SourceVersion "1"]
[SourceVersionDate "2022.09.30"]
[SourceQuality "1"]

1. e4 c5 2. Nf3 Nc6 3. Bb5 d6 4. 0-0 Bd7 5. Re1 a6 6. Bxc6 Bxc6 7. d4 cxd4 8. Nxd4 e6 9. c4 Nf6 10. Nc3 Be7 11. b3 Rc8 12. Bb2 0-0 13. Qd2 Qc7 14. Rac1 Qa5 15. Rcd1 Rfe8 16. Nxc6 bxc6 17. Nd5 Qxd2 18. Nxe7+ Rxe7 19. Rxd2 Rd7 20. e5 dxe5 21. Rxd7 Nxd7 22. Rd1 Nc5 23. Bxe5 Nb7 24. f4 Rd8 25. Rxd8+ Nxd8 26. Kf2 f6 27. Bc7 Nb7 28. b4 Kf7 29. Ke3 Ke7 30. Bb6 Nd6 31. Bc5 Kd7 32. Bxd6 Kxd6 33. a4 c5 34. b5 a5 35. g4 f5 36. Kf3 g6 37. h4 h5 1/2-1/2

[Event "Barcelona 7th"]
[Site "Barcelona"]
[Date "2022.05.11"]
[Round "3"]
[White "Gonzalez Perez, Arian"]
[Black "Roshka, Yevgeniy"]
[Result "1/2-1/2"]
[WhiteElo "2415"]
[BlackElo "2468"]
[PlyCount "21"]
[EventDate "2022.05.10"]
[EventType "tourn"]
[EventRounds "9"]
[EventCountry "ESP"]
[EventCategory "6"]
[SourceTitle "CBM 208 Extra"]
[Source "ChessBase"]
[SourceDate "2022.07.31"]
[SourceVersion "1"]
[SourceVersionDate "2022.07.31"]
[SourceQuality "1"]

1. e4 e6 2. d4 d5 3. Nd2 c5 4. exd5 Qxd5 5. Ngf3 cxd4 6. Bc4 Qd7 7. 0-0 Nc6 8. Nb3 a6 9. Nbxd4 Nxd4 10. Qxd4 Qxd4 11. Nxd4 1/2-1/2

[Event "Barcelona 7th"]
[Site "Barcelona"]
[Date "2022.05.11"]
[Round "2"]
[White "Sosa, Tomas Sebastian"]
[Black "Gonzalez Perez, Arian"]
[Result "1/2-1/2"]
[WhiteElo "2552"]
[BlackElo "2415"]
[PlyCount "100"]
[EventDate "2022.05.10"]
[EventType "tourn"]
[EventRounds "9"]
[EventCountry "ESP"]
[EventCategory "6"]
[SourceTitle "CBM 208 Extra"]
[Source "ChessBase"]
[SourceDate "2022.07.31"]
[SourceVersion "1"]
[SourceVersionDate "2022.07.31"]
[SourceQuality "1"]

1. e4 c5 2. Nc3 Nc6 3. Bb5 e6 4. Bxc6 bxc6 5. d3 d5 6. Nf3 Nf6 7. 0-0 c4 8. e5 Nd7 9. dxc4 Ba6 10. Bg5 Qc7 11. cxd5 cxd5 12. Re1 Bb4 13. Re3 0-0 14. Nd4 Rfc8 15. Qh5 Nf8 16. Rd1 Rab8 17. Rg3 Qxe5 18. f4 Qc7 19. Bf6 Ng6 20. f5 gxf6 21. Nxe6 fxe6 22. fxg6 h6 23. g7 Bxc3 24. bxc3 Qf4 25. Qh3 f5 26. Rg6 Rb7 27. Rxh6 Rxg7 28. Rxe6 Bb7 29. Rh6 Qg4 30. Rh8+ Kf7 31. Qxg4 Rxg4 32. Rxc8 Bxc8 33. Rxd5 Ra4 34. Rc5 Be6 35. h3 Rxa2 36. g4 fxg4 37. hxg4 Bxg4 38. Kf2 Bd1 39. Ke3 Bxc2 40. Kd4 a5 41. c4 Ke6 42. Re5+ Kd6 43. Re2 a4 44. Kc3 Bb3 45. Rxa2 Bxa2 46. Kb2 Bb3 47. c5+ Kc6 48. Ka1 Bd5 49. Kb2 Kb5 50. c6 Bxc6 1/2-1/2

[Event "Barcelona 7th"]
[Site "Barcelona"]
[Date "2022.05.10"]
[Round "1"]
[White "Gonzalez Perez, Arian"]
[Black "Movsziszian, Karen"]
[Result "1/2-1/2"]
[WhiteElo "2415"]
[BlackElo "2467"]
[PlyCount "32"]
[EventDate "2022.05.10"]
[EventType "tourn"]
[EventRounds "9"]
[EventCountry "ESP"]
[EventCategory "6"]
[SourceTitle "CBM 208 Extra"]
[Source "ChessBase"]
[SourceDate "2022.07.31"]
[SourceVersion "1"]
[SourceVersionDate "2022.07.31"]
[SourceQuality "1"]

1. d4 d6 2. Nf3 g6 3. e4 Nf6 4. Nc3 Bg7 5. Be2 0-0 6. 0-0 Bg4 7. Be3 Nc6 8. d5 Bxf3 9. Bxf3 Ne5 10. Be2 c6 11. a4 Qa5 12. Ra3 Ned7 13. Qd2 Rfc8 14. Rb1 a6 15. b4 Qc7 16. Rba1 Qd8 1/2-1/2